[Event "Rutas de Cuenca op 6th"]
[Site "Cuenca"]
[Date "2019.07.20"]
[Round "5"]
[White "Fresno Ballesteros, Jaime"]
[Black "Fernandez Calzada, Juan A"]
[Result "0-1"]
[WhiteElo "1451"]
[BlackElo "1686"]
[PlyCount "141"]
[EventDate "2019.07.19"]
[EventType "swiss"]
[EventRounds "7"]
[EventCountry "ESP"]
[SourceTitle "CBM 195 Extra"]
[Source "ChessBase"]
[SourceDate "2020.05.31"]
[SourceVersion "1"]
[SourceVersionDate "2020.05.31"]
[SourceQuality "1"]

1. e4 c5 2. Nf3 g6 3. d4 cxd4 4. Nxd4 Bg7 5. Be3 Nc6 6. Nc3 Nf6 7. Be2 Qa5 8. 0-0 0-0 9. f4 d6 10. h3 Bd7 11. Qd2 Rac8 12. a3 a6 13. Nf3 Nh5 14. Kh2 Nf6 15. b4 Qc7 16. Rad1 Nxb4 17. Bd4 Nc6 18. Bxf6 Bxf6 19. Nd5 Qb8 20. Nxf6+ exf6 21. Qxd6 Be6 22. Qxb8 Rxb8 23. g4 Na5 24. Rd4 Rbc8 25. Rc1 Nb3 26. Rb1 Nxd4 27. Nxd4 Rc7 28. f5 Bd7 29. c4 Re8 30. Bd3 Bc8 31. Ne2 Rd8 32. Nf4 Bd7 33. Nd5 Rc5 34. Rxb7 Kg7 35. Rb6 Rc6 36. Rb2 a5 37. Kg3 g5 38. Rb5 Ra8 39. Rb7 Be8 40. Kf3 Rcc8 41. Nb6 Rcb8 42. Rxb8 Rxb8 43. c5 Bc6 44. Ke3 Kf8 45. Kd4 Rd8+ 46. Nd5 Kg7 47. Kc4 Rb8 48. Ne7 Ba8 49. c6 Re8 50. c7 Bb7 51. Nd5 Rc8 52. Kb5 Bxd5 53. exd5 Rxc7 54. Bc4 Kf8 55. d6 Rd7 56. Kc6 Ke8 57. Bb5 Kd8 58. a4 Ra7 59. Kb6 Ra8 60. Bc6 Rb8+ 61. Kxa5 Rb3 62. Bg2 Kd7 63. Ka6 Kxd6 64. a5 Kc7 65. Ka7 Ra3 66. a6 Rg3 67. Bf1 h6 68. Ka8 Rg1 69. Bc4 Rd1 70. Bxf7 Kb6 71. Bc4 0-1

[Event "Rutas de Cuenca op 6th"]
[Site "Cuenca"]
[Date "2019.07.19"]
[Round "2"]
[White "Fernandez Calzada, Juan A"]
[Black "Otero Gumiel, Monica"]
[Result "1-0"]
[WhiteElo "1686"]
[BlackElo "1164"]
[PlyCount "91"]
[EventDate "2019.07.19"]
[EventType "swiss"]
[EventRounds "7"]
[EventCountry "ESP"]
[SourceTitle "CBM 195 Extra"]
[Source "ChessBase"]
[SourceDate "2020.05.31"]
[SourceVersion "1"]
[SourceVersionDate "2020.05.31"]
[SourceQuality "1"]

1. e4 e5 2. Nf3 Nc6 3. Bb5 Nf6 4. d3 d6 5. c3 Bd7 6. 0-0 a6 7. Ba4 Nh5 8. Ng5 Nf4 9. Bxf4 exf4 10. Nf3 b5 11. Bc2 Ne5 12. d4 Nc4 13. b3 Nb6 14. e5 Be7 15. exd6 cxd6 16. Re1 0-0 17. Qd3 g6 18. Qe2 Re8 19. Qd2 Bg5 20. Rxe8+ Bxe8 21. Be4 d5 22. Bd3 Qf6 23. Nxg5 Qxg5 24. Be2 Bd7 25. Bf3 Re8 26. Na3 Bg4 27. Qd3 Bxf3 28. Qxf3 Qe7 29. h3 Qxa3 30. Qd1 Qb2 31. Rb1 Qxc3 32. Rc1 Qb4 33. Kh2 Re4 34. Rc6 Rxd4 35. Qg4 Qa5 36. Qg5 Nd7 37. Qe7 Qd2 38. Qxd7 Qxf2 39. Qg4 Rd1 40. Qxd1 Qg3+ 41. Kh1 Qg5 42. Qd4 Qf5 43. Rd6 Qc8 44. Rxd5 f3 45. Rd8+ Qxd8 46. Qxd8+ 1-0

[Event "Andalucia-ch Seniors"]
[Site "Huelva"]
[Date "2014.04.25"]
[Round "2.5"]
[White "Gomez Rebollo, Alfonso Carlos"]
[Black "Fernandez Calzada, Juan A"]
[Result "1-0"]
[WhiteElo "2145"]
[BlackElo "1852"]
[PlyCount "35"]
[EventDate "2014.04.24"]
[EventType "swiss"]
[EventRounds "6"]
[EventCountry "ESP"]
[SourceTitle "EXT 2024"]
[Source "ChessBase"]
[SourceDate "2023.10.10"]
[SourceVersion "1"]
[SourceVersionDate "2023.10.10"]
[SourceQuality "1"]

1. e4 c5 2. Nf3 d6 3. d4 cxd4 4. Nxd4 Nf6 5. Nc3 a6 6. Bc4 e6 7. Bb3 Qc7 8. Be3 Be7 9. 0-0 0-0 10. f4 Nc6 11. f5 e5 12. Nxc6 Qxc6 13. Nd5 Nxd5 14. Bxd5 Qc7 15. Qh5 Kh8 16. Rf3 g6 17. Qh6 Bd8 18. Qxf8# 1-0

[Event "Almansa op-B"]
[Site "Almansa"]
[Date "2013.08.08"]
[Round "4.1"]
[White "Fernandez Calzada, Juan A"]
[Black "Fernandez Cano, Victor"]
[Result "1/2-1/2"]
[WhiteElo "1844"]
[BlackElo "1904"]
[PlyCount "73"]
[EventDate "2013.08.06"]
[EventType "swiss"]
[EventRounds "9"]
[EventCountry "ESP"]
[SourceTitle "EXT 2024"]
[Source "ChessBase"]
[SourceDate "2023.10.10"]
[SourceVersion "1"]
[SourceVersionDate "2023.10.10"]
[SourceQuality "1"]

1. e4 c5 2. Nf3 Nc6 3. d4 cxd4 4. Nxd4 g6 5. c4 Bg7 6. Be3 Nf6 7. Nc3 0-0 8. Be2 d6 9. 0-0 Bd7 10. Rb1 Qc8 11. f3 Ne5 12. b3 a6 13. Qd2 Re8 14. Rfc1 Qd8 15. Rc2 Rc8 16. Rbc1 Nc6 17. Nd5 Nxd5 18. cxd5 Nxd4 19. Bxd4 Bxd4+ 20. Qxd4 Qa5 21. b4 Qa3 22. Kf2 Qxc1 23. Rxc1 Rxc1 24. Qb6 Rc2 25. Ke3 Bc8 26. a4 Ra2 27. a5 Rc2 28. b5 Rb2 29. Qc7 axb5 30. Qc3 Rb1 31. Qc2 Rb4 32. Qc3 Rb1 33. Qc2 Rb4 34. Qc3 Rb1 35. Qc2 Rb4 36. Qc3 Rb1 37. Qc2 1/2-1/2

[Event "Andalucia-ch"]
[Site "Lucena"]
[Date "2012.04.30"]
[Round "8"]
[White "Mercado Larrea, Adrian"]
[Black "Fernandez Calzada, Juan A"]
[Result "1-0"]
[WhiteElo "1846"]
[BlackElo "1820"]
[PlyCount "93"]
[EventDate "2012.04.26"]
[EventType "swiss"]
[EventRounds "9"]
[EventCountry "ESP"]
[SourceTitle "EXT 2013"]
[Source "ChessBase"]
[SourceDate "2012.11.22"]
[SourceVersion "1"]
[SourceVersionDate "2012.11.22"]
[SourceQuality "1"]

1. e4 c5 2. Nc3 a6 3. g3 e6 4. Bg2 Nc6 5. d3 Nf6 6. f4 d6 7. Nf3 Be7 8. 0-0 Qc7 9. Ne2 b5 10. h3 Bb7 11. Be3 0-0 12. g4 Rad8 13. c3 Rfe8 14. Rc1 c4 15. g5 Nd7 16. d4 Bf8 17. Nh4 Ne7 18. Qe1 f5 19. Ng3 g6 20. Qf2 Bg7 21. Rfe1 fxe4 22. Nxe4 Nf5 23. Nxf5 Bxe4 24. Nxg7 Kxg7 25. Bxe4 d5 26. Bf3 Qd6 27. Bd2 Re7 28. Re2 Rde8 29. h4 Nf8 30. Kg2 a5 31. a3 Kg8 32. Rh1 Rf7 33. h5 Ree7 34. Qh4 Qd7 35. Qe1 Qd6 36. Rh3 Re8 37. Kg1 Ree7 38. Bg4 Re8 39. Reh2 Ree7 40. hxg6 Nxg6 41. Bh5 Rg7 42. Bxg6 Rxg6 43. Rh6 Rgg7 44. Qe5 Qd7 45. Re2 Kf7 46. Rf6+ Kg8 47. Rxe6 1-0

[Event "Seville op 35th"]
[Site "Seville"]
[Date "2010.01.08"]
[Round "1"]
[White "Fernandez Calzada, Juan A"]
[Black "Starostits, Ilmars"]
[Result "0-1"]
[WhiteElo "1869"]
[BlackElo "2471"]
[PlyCount "70"]
[EventDate "2010.01.08"]
[EventType "swiss"]
[EventRounds "9"]
[EventCountry "ESP"]
[SourceTitle "CBM 134 Extra"]
[Source "ChessBase"]
[SourceDate "2010.03.03"]
[SourceVersion "1"]
[SourceVersionDate "2010.03.03"]
[SourceQuality "1"]

1. e4 c6 2. d4 d5 3. exd5 cxd5 4. Bd3 Nc6 5. c3 Nf6 6. Nf3 Bg4 7. h3 Bxf3 8. Qxf3 g6 9. 0-0 Bg7 10. Re1 0-0 11. Bf4 Qb6 12. Re2 Rfe8 13. g4 Rad8 14. Na3 e5 15. dxe5 Nd7 16. e6 fxe6 17. Rae1 Nc5 18. Bb5 Rf8 19. Bxc6 Qxc6 20. Qe3 d4 21. cxd4 Bxd4 22. Qg3 Nd3 23. Be3 Nxe1 24. Rxe1 e5 25. b3 Qc3 26. Rc1 Qxc1+ 27. Bxc1 Bxf2+ 28. Qxf2 Rd1+ 29. Kg2 Rxf2+ 30. Kxf2 Rxc1 31. Nc4 Rc2+ 32. Kf3 Rxa2 33. h4 Rc2 34. Nxe5 Rc3+ 35. Ke4 Rxb3 0-1

[Event "ESP-ch Veterans"]
[Site "Sabadell"]
[Date "2009.12.16"]
[Round "5"]
[White "Segura Vila, Juan L"]
[Black "Fernandez Calzada, Juan A"]
[Result "1-0"]
[WhiteElo "2070"]
[BlackElo "1889"]
[PlyCount "59"]
[EventDate "2009.12.12"]
[EventType "swiss"]
[EventRounds "7"]
[EventCountry "ESP"]
[SourceTitle "CBM 133 Extra"]
[Source "ChessBase"]
[SourceDate "2010.01.05"]
[SourceVersion "1"]
[SourceVersionDate "2010.01.05"]
[SourceQuality "1"]

1. e4 c5 2. d4 cxd4 3. c3 dxc3 4. Nxc3 Nc6 5. Nf3 a6 6. Bc4 e6 7. 0-0 Qc7 8. Qe2 d6 9. Rd1 Nf6 10. Bf4 Ne5 11. Bb3 Be7 12. Rac1 Qb8 13. Nd4 0-0 14. Bg3 Rd8 15. f4 Nc6 16. Kh1 Bd7 17. e5 dxe5 18. fxe5 Ne8 19. Nf3 Bf8 20. Ne4 Ne7 21. Nf6+ gxf6 22. exf6 Qa7 23. fxe7 Bxe7 24. Ne5 b6 25. Qh5 f6 26. Qf7+ Kh8 27. Qxe7 fxe5 28. Bxe5+ Kg8 29. Bc2 Bb5 30. Bxh7# 1-0

[Event "ESP-ch 74th"]
[Site "Palma de Mallorca"]
[Date "2009.10.04"]
[Round "9"]
[White "Lechado Artigues, Pedro"]
[Black "Fernandez Calzada, Juan A"]
[Result "1-0"]
[WhiteElo "2110"]
[BlackElo "1895"]
[PlyCount "67"]
[EventDate "2009.09.26"]
[EventType "swiss"]
[EventRounds "9"]
[EventCountry "ESP"]
[SourceTitle "CBM 132 Extra"]
[Source "ChessBase"]
[SourceDate "2009.11.03"]
[SourceVersion "1"]
[SourceVersionDate "2009.11.03"]
[SourceQuality "1"]

1. e4 c5 2. Nf3 d6 3. d4 cxd4 4. Nxd4 Nf6 5. Nc3 a6 6. Be3 e6 7. f3 Qc7 8. Qd2 b5 9. 0-0-0 Nbd7 10. g4 Ne5 11. g5 Nfd7 12. f4 Nc4 13. Bxc4 Qxc4 14. b3 Qc7 15. f5 Ne5 16. Bf4 Bd7 17. Nce2 Rc8 18. Bxe5 dxe5 19. Nf3 Bc6 20. Ng3 Be7 21. Kb1 Bb7 22. fxe6 fxe6 23. Nxe5 0-0 24. Nd3 Rfd8 25. Rc1 Ba3 26. Rcf1 a5 27. Rf2 Qd6 28. Rhf1 Bb4 29. Qf4 Qd4 30. Qf7+ Kh8 31. Nxb4 Qxb4 32. Qxb7 a4 33. Nh5 Qd4 34. Qxc8 1-0

[Event "ESP-ch 74th"]
[Site "Palma de Mallorca"]
[Date "2009.10.03"]
[Round "8"]
[White "Fernandez Calzada, Juan A"]
[Black "Valls Casas, Jordi"]
[Result "1/2-1/2"]
[WhiteElo "1895"]
[BlackElo "2094"]
[PlyCount "118"]
[EventDate "2009.09.26"]
[EventType "swiss"]
[EventRounds "9"]
[EventCountry "ESP"]
[SourceTitle "CBM 132 Extra"]
[Source "ChessBase"]
[SourceDate "2009.11.03"]
[SourceVersion "1"]
[SourceVersionDate "2009.11.03"]
[SourceQuality "1"]

1. e4 c6 2. d4 d5 3. exd5 cxd5 4. c4 Nf6 5. Nc3 Nc6 6. Nf3 e6 7. a3 dxc4 8. Bxc4 Bd6 9. Bg5 a6 10. 0-0 0-0 11. Re1 b5 12. Ba2 Bb7 13. d5 exd5 14. Nxd5 Bc5 15. Nxf6+ gxf6 16. Qxd8 Rfxd8 17. Bxf6 Rd6 18. Bh4 Nd4 19. Nxd4 Bxd4 20. Re7 Bd5 21. Bg3 Rdd8 22. Bxd5 Rxd5 23. Re2 Rad8 24. Rae1 Kg7 25. h3 f6 26. Rc1 Kg6 27. Rc6 a5 28. Bc7 Rc8 29. Rec2 a4 30. g3 h5 31. Kg2 Kf5 32. Kf3 Re8 33. Bb6 Be5 34. Be3 Rb8 35. g4+ hxg4+ 36. hxg4+ Kg6 37. Ke4 Rd6 38. R6c5 b4 39. f4 bxa3 40. bxa3 Bb2 41. f5+ Kf7 42. Rc7+ Kg8 43. Bc5 Re8+ 44. Kf3 Rd3+ 45. Kf2 Bxa3 46. Bxa3 Rxa3 47. Ra7 Rb8 48. Kg2 Ra1 49. Rc3 Rb2+ 50. Kf3 Rf1+ 51. Ke4 Re2+ 52. Kd5 Rd1+ 53. Kc6 Re4 54. Kb6 Rb1+ 55. Ka5 Re5+ 56. Ka6 Rb8 57. Rcc7 a3 58. Rg7+ Kf8 59. Rh7 Kg8 1/2-1/2

[Event "ESP-ch 74th"]
[Site "Palma de Mallorca"]
[Date "2009.09.28"]
[Round "3"]
[White "Fernandez Calzada, Juan A"]
[Black "Planas Gene, Juan"]
[Result "0-1"]
[WhiteElo "1895"]
[BlackElo "2130"]
[PlyCount "114"]
[EventDate "2009.09.26"]
[EventType "swiss"]
[EventRounds "9"]
[EventCountry "ESP"]
[SourceTitle "CBM 132 Extra"]
[Source "ChessBase"]
[SourceDate "2009.11.03"]
[SourceVersion "1"]
[SourceVersionDate "2009.11.03"]
[SourceQuality "1"]

1. e4 e5 2. f4 exf4 3. Nf3 d5 4. exd5 Nf6 5. d4 Nxd5 6. Bc4 Bg4 7. 0-0 Be7 8. Qd3 Nc6 9. c3 0-0 10. Qe4 Be6 11. Bd3 g6 12. Bc4 Nxc3 13. Nxc3 Bxc4 14. Rd1 Re8 15. Qxf4 Bd6 16. Qh6 Bf8 17. Qf4 Qd6 18. Qh4 Bg7 19. Bh6 Ne7 20. Ne4 Qb6 21. Bxg7 Kxg7 22. Nfg5 h6 23. Nf3 Be2 24. Rd2 Bxf3 25. gxf3 Nf5 26. Qf2 Rad8 27. Rad1 Rd5 28. Nc3 Rd7 29. Na4 Qc6 30. b3 Rd5 31. Nc5 Ne3 32. Rc1 Rg5+ 33. Kh1 Rg2 34. Qxg2 Nxg2 35. Kxg2 Qf6 36. Rcd1 Qg5+ 37. Kf1 Qh4 38. Ne4 Qh3+ 39. Rg2 Qxf3+ 40. Nf2 Re3 41. Rc1 Re2 42. Kg1 Qe3 43. Rf1 Rxa2 44. Rg3 Qxd4 45. Rf3 c5 46. Kg2 h5 47. h3 b5 48. Kg3 Ra1 49. Rxa1 Qxa1 50. Nd3 Qg1+ 51. Kf4 Qd4+ 52. Kg3 c4 53. bxc4 bxc4 54. Nf2 c3 55. Rf4 Qe3+ 56. Rf3 Qg5+ 57. Kh2 c2 0-1

[Event "Linares Anibal op 11th"]
[Site "Linares"]
[Date "2005.02.28"]
[Round "4"]
[White "Espasa Gonzalez, Jaume"]
[Black "Fernandez Calzada, Juan A"]
[Result "0-1"]
[WhiteElo "2008"]
[BlackElo "1970"]
[PlyCount "76"]
[EventDate "2005.02.25"]
[EventType "swiss"]
[EventRounds "9"]
[EventCountry "ESP"]
[SourceTitle "CBM 105 Extra"]
[Source "ChessBase"]
[SourceDate "2005.05.01"]
[SourceVersion "1"]
[SourceVersionDate "2005.05.01"]
[SourceQuality "1"]

1. c4 g6 2. d4 Bg7 3. Nc3 c5 4. e3 Nc6 5. Nf3 d6 6. g3 Bg4 7. d5 Ne5 8. Qa4+ Qd7 9. Qxd7+ Bxd7 10. Nxe5 Bxe5 11. f4 Bxc3+ 12. bxc3 f5 13. Rb1 b6 14. Bd3 Nf6 15. 0-0 Kf7 16. Re1 Rag8 17. Rb2 Ne4 18. Rb3 h5 19. Ra3 Ra8 20. Bxe4 fxe4 21. h4 Bg4 22. Kf2 Rhb8 23. Rb3 Bc8 24. Ra3 a5 25. Rg1 a4 26. Bd2 Bd7 27. Rb1 Kf6 28. Be1 Kf5 29. Bd2 b5 30. cxb5 Rxb5 31. Rxb5 Bxb5 32. Be1 c4 33. Kg2 Kg4 34. Kf2 Be8 35. Ke2 Bf7 36. Kf2 Bxd5 37. Bd2 Bc6 38. Be1 Rb8 0-1

[Event "Linares Anibal op 11th"]
[Site "Linares"]
[Date "2005.02.25"]
[Round "1"]
[White "Fernandez Calzada, Juan A"]
[Black "Lorenzini, Martin"]
[Result "0-1"]
[WhiteElo "1970"]
[BlackElo "2412"]
[PlyCount "62"]
[EventDate "2005.02.25"]
[EventType "swiss"]
[EventRounds "9"]
[EventCountry "ESP"]
[SourceTitle "CBM 105 Extra"]
[Source "ChessBase"]
[SourceDate "2005.05.01"]
[SourceVersion "1"]
[SourceVersionDate "2005.05.01"]
[SourceQuality "1"]

1. e4 c6 2. d4 d5 3. e5 c5 4. c3 Nc6 5. f4 Nh6 6. Nf3 cxd4 7. cxd4 Bg4 8. Bb5 Qb6 9. Nc3 e6 10. 0-0 Nf5 11. Bxc6+ bxc6 12. Ne2 Be7 13. h3 Bxf3 14. Rxf3 f6 15. g4 Nh4 16. Rb3 Qa6 17. Qe1 f5 18. g5 h6 19. Ng3 hxg5 20. fxg5 Ng6 21. Kg2 f4 22. Ne2 Bxg5 23. Ng1 Nh4+ 24. Kh1 Nf5 25. Ne2 Bh4 26. Qg1 Qxe2 27. Qg6+ Kf8 28. Bxf4 Qe4+ 29. Kg1 Qxf4 30. Qxe6 Qf2+ 31. Kh1 Bg3 0-1